Rozdělení měny. Zamyšlení nad dalšími aspekty.

Fakt, že existujúci rozpočet federácie obsahuje jednostranné prevody zdrojov z Čiech a Moravy na Slovensko, by v prípade dvoch nezávislých mien vystupoval ako prebytok bežného účtu na československej strane a ako slovenský deficit. V prípade rozdelenia meny je zachovanie terajšieho stavu kapitálovýc...

Descrizione completa

Salvato in:
Dettagli Bibliografici
Autore principale: Rusek, Antonín
Natura: Capitolo di libro
Lingua:ceco
Soggetti:
Tags: Aggiungi Tag
Nessun Tag, puoi essere il primo ad aggiungerne!!

MARC

LEADER 00000naa a2200000 4500
001 r009611
005 20220831084110.4
041 0 |a cze 
044 |a [CS] 
245 1 0 |a Rozdělení měny.  |b Zamyšlení nad dalšími aspekty.  |c Antonín Rusek 
520 |a Fakt, že existujúci rozpočet federácie obsahuje jednostranné prevody zdrojov z Čiech a Moravy na Slovensko, by v prípade dvoch nezávislých mien vystupoval ako prebytok bežného účtu na československej strane a ako slovenský deficit. V prípade rozdelenia meny je zachovanie terajšieho stavu kapitálových pohybov nepravdepodobné. Výsledkom by bol všeobecný pokles ekonomickej aktivity na Slovensku i v Čechách. Predpoklady, ktoré by umožnili zachovať spoločnú menu. 
610 2 0 |a mena 
610 2 0 |a rozpočet štátny 
610 2 0 |a Čechy 
610 2 0 |a Slovensko 
610 2 0 |a pohyb kapitálu 
610 2 0 |a politika fiškálna 
100 1 |a Rusek, Antonín